000 00672nam a2200205 i 4500
001 45817
003 ES-MaACL
005 20250816050159.0
007 t|
008 030327s1898 fr ||||1| fre d
100 1 _aCollignon, Maxime.
_939712
245 1 3 _aLa polychromie dans la sculpture grecque /
_cMaxime Collignon.
260 _aParis :
_bErnest Leroux,
_c1898.
300 _a103 p, [10] h. de lám. ;
_c17 cm.
490 1 _aPetite bibliothèque d'art et d'archéologie ;
_v23
650 7 _aEscultura griega
_2embne
_912443
830 1 _aPetite bibliothèque d'art et d'archéologie ;
_v23
_9184434
852 _aES-MaACL
_j1485-F-8
999 _c45817
_d45817